000 00156nam a22000857a 4500
003 SGT
245 _aINDIAN FOUNDRY JOURNAL
260 _c2016
942 _2ddc
_cBV
999 _c25647
_d25647